Ochrana spotrebiteľa (cestovateľa) v cestovnom ruchu v zmysle európskej právnej úpravy

Ochrana účastníka v cestovnom ruchu. Sloboda cestovania a vytvorenie Schengenského priestoru. Ochrana života, zdravia a majetku cestujúcich. Ochrana pred zníženou kvalitou tovarov a služieb v cestovnom ruchu. Komparácia vybraných obsahových prvkov skúmaných európskych právnych noriem.

Saved in:
Bibliographic Details
Main Author: Novacká, Ľudmila, 1953-
Format: Book Chapter
Language:Slovak
Subjects:
Tags: Add Tag
No Tags, Be the first to tag this record!

MARC

LEADER 00000naa a2200000 4500
001 0145641
005 20240502072627.6
041 0 |a slo 
044 |a SK 
245 1 0 |a Ochrana spotrebiteľa (cestovateľa) v cestovnom ruchu v zmysle európskej právnej úpravy  |c Ľudmila Novacká 
520 |a Ochrana účastníka v cestovnom ruchu. Sloboda cestovania a vytvorenie Schengenského priestoru. Ochrana života, zdravia a majetku cestujúcich. Ochrana pred zníženou kvalitou tovarov a služieb v cestovnom ruchu. Komparácia vybraných obsahových prvkov skúmaných európskych právnych noriem. 
610 2 0 |a ruch cestovný 
610 2 0 |a spotrebitelia 
610 2 0 |a ochrana právna 
610 2 0 |a ochrana spotrebiteľa 
610 2 0 |a predpisy právne 
610 2 0 |a Európska únia 
100 1 |a Novacká, Ľudmila, 1953-